Quizzes
Events
Quiz Creation
Community
Videos
Private Events
Remove Ads
Sign In
Join for FREE
Feedback
Dark Mode
Quiz Categories
Sports
Geography
Music
Movies
Television
Just For Fun
Miscellaneous
History
Literature
Language
Science
Gaming
Entertainment
Religion
Holiday
For Kids
Quiz Lab
Recent
Popular Today
Quiz Kudos Today
Editor Picks
Curator Picks
Quizzes by...
Day
Popularity
Type
Ratings
Length
Year
Community
Subscriptions
Recent Discussions
Orange Saloon
Badges
Playlists
Quests
Create
Leaderboards
Showdown
Live 5
Trivia Bingo
Activity
Puzzle Library
Sporcle Events
Private Events
Virtual Trivia
Globe League
Become a Host
Pub Owners
SporcleCon
Opinionation
Our Games
Videos
Blog
Mobile Apps
Partnerships
Remove Ads and Go Orange
Feedback
Sports
Athletes
MLB
NBA
NHL
NFL
Soccer
Sports Teams
WWE
NCAA
Football
Premier League
Basketball
Baseball
Hockey
Golf
Tennis
Cricket
Rugby
Auto Racing
Olympics
World Cup
Sports
Athletes
MLB
NBA
NHL
NFL
Soccer
Sports Teams
WWE
NCAA
Football
Premier League
Basketball
Baseball
Hockey
Golf
Tennis
Cricket
Rugby
Auto Racing
Olympics
World Cup
Random Quiz
Search Sporcle
×
Quiz Lab
Quiz Lab
Sports
NBA
Type in answers that appear in a list
Type in answers that appear in a list
Classic
Best Score? Go Orange.
2013-14 NBA Teams Stats Leaders Stats
Can you name each NBA Team's 2013-14 Stats Leaders?
By
suns20
15m
150 Questions
2,757 Plays
2,757 Plays
2,757 Plays
Comments
Comments
Give Quiz Kudos
Give Quiz Kudos
-
- Ratings
hide this ad
More Info
Replay
Link that replays current quiz
Next Quiz
Link to next quiz in quiz playlist
You Got
0%
They Got
Avg Score
72%
Avg Friend Score
Upgrade to see
Score Distribution
Jump to the score distribution portion of the page
Score
0/150
Timer
15:00
0
Plays Today
Hint
Answer
% Correct
Heat
LeBron James
94.9%
Heat
LeBron James
94.9%
Heat
LeBron James
94.9%
Knicks
Carmelo Anthony
93%
Thunder
Kevin Durant
90.8%
Clippers
Chris Paul
90.5%
Clippers
Chris Paul
90.5%
Warriors
Stephen Curry
90.3%
Warriors
Stephen Curry
90.3%
Warriors
Stephen Curry
90.3%
Thunder
Russell Westbrook
90.3%
Thunder
Russell Westbrook
90.3%
Cavaliers
Kyrie Irving
89.9%
Cavaliers
Kyrie Irving
89.9%
Cavaliers
Kyrie Irving
89.9%
Pacers
Paul George
89.7%
Pacers
Paul George
89.7%
Spurs
Tim Duncan
89.5%
Spurs
Tim Duncan
89.5%
Wizards
John Wall
89.5%
Wizards
John Wall
89.5%
Wizards
John Wall
89.5%
Clippers
Blake Griffin
89.5%
Spurs
Tony Parker
89.5%
Spurs
Tony Parker
89.5%
Grizzlies
Marc Gasol
89%
Lakers
Pau Gasol
88.9%
Lakers
Pau Gasol
88.9%
Rockets
James Harden
88.7%
Rockets
James Harden
88.7%
Rockets
James Harden
88.7%
Mavericks
Dirk Nowitzki
88.5%
Celtics
Rajon Rondo
88%
Rockets
Dwight Howard
88%
Rockets
Dwight Howard
88%
Pelicans
Anthony Davis
88%
Pelicans
Anthony Davis
88%
Pelicans
Anthony Davis
88%
Celtics
Rajon Rondo
87.9%
Nets
Deron Williams
87.3%
Nets
Deron WIlliams
87.3%
Clippers
DeAndre Jordan
86.8%
Clippers
DeAndre Jordan
86.8%
Bulls
Joakim Noah
86.7%
Bulls
Joakim Noah
86.7%
Bulls
Joakim Noah
86.7%
Trail Blazers
Damian Lillard
86.1%
Raptors
DeMar DeRozan
86.1%
Thunder
Serge Ibaka
84.3%
Thunder
Serge Ibaka
84.3%
Hint
Answer
% Correct
Timberwolves
Kevin Love
84.3%
Timberwolves
Kevin Love
84.3%
Nets
Joe Johnson
84.2%
Nets
Kevin Garnett
84%
Raptors
Amir Johnson
84%
Trail Blazers
LaMarcus Aldridge
84%
Trail Blazers
LaMarcus Aldridge
84%
Kings
DeMarcus Cousins
83%
Kings
DeMarcus Cousins
83%
Kings
DeMarcus Cousins
83%
Kings
DeMarcus Cousins
83%
Raptors
Kyle Lowry
82.9%
Raptors
Kyle Lowry
82.9%
Trail Blazers
Robin Lopez
82.2%
Grizzlies
Mike Conley
82.1%
Knicks
Tyson Chandler
81.9%
Pacers
Roy Hibbert
81.9%
Grizzlies
Zach Randolph
81.3%
Grizzlies
Zach Randolph
81.3%
Bobcats
Kemba Walker
81.2%
Bobcats
Kemba Walker
81.2%
Spurs
Kawhi Leonard
81%
Hawks
Al Horford
79.4%
Hawks
Al Horford
79.3%
Pistons
Josh Smith
79.1%
Pistons
Josh Smith
79.1%
Celtics
Jeff Green
79.1%
Warriors
Andrew Bogut
78.2%
Warriors
Andrew Bogut
78.2%
Hawks
Jeff Teague
77.9%
Grizzlies
Tony Allen
77.1%
Timberwolves
Ricky Rubio
76.6%
Timberwolves
Ricky Rubio
76.6%
Heat
Mario Chalmers
75.6%
Hawks
Paul Millsap
75.2%
Hawks
Paul Millsap
75.2%
Pistons
Andre Drummond
75.1%
Pistons
Andre Drummond
75.1%
Bobcats
Al Jefferson
75%
Bobcats
Al Jefferson
75%
Wizards
Marcin Gortat
74.7%
Wizards
Marcin Gortat
74.7%
Bulls
Jimmy Butler
74.1%
Pelicans
Jrue Holiday
73.6%
Pelicans
Jrue Holiday
73.6%
Kings
Isaiah Thomas
73.6%
Nuggets
Ty Lawson
71.4%
Nuggets
Ty Lawson
71.4%
Nuggets
Ty Lawson
71.4%
Suns
Goran Dragic
71.2%
Hint
Answer
% Correct
Suns
Goran Dragic
71.2%
Pistons
Brandon Jennings
71.1%
Lakers
Nick Young
70.3%
76ers
Thaddeus Young
70.3%
76ers
Thaddeus Young
70.3%
Jazz
Gordon Hayward
69.8%
Jazz
Gordon Hayward
69.8%
Heat
Chris Andersen
69.6%
Mavericks
Monta Ellis
69%
Mavericks
Monta Ellis
69%
76ers
Michael Carter-Williams
64.3%
Pacers
Lance Stephenson
64.3%
Pacers
Lance Stephenson
64.3%
Magic
Jameer Nelson
64.2%
Magic
Nikola Vucevic
62.7%
Suns
Eric Bledsoe
62.7%
Knicks
Raymond Felton
61.9%
Bucks
Brandon Knight
58%
Bucks
Brandon Knight
58%
Cavaliers
Anderson Varejao
57.2%
Cavaliers
Anderson Varejao
57.2%
Jazz
Derrick Favors
57%
Jazz
Derrick Favors
57%
Raptors
Jonas Valanciunas
56.3%
Trail Blazers
Wesley Matthews
56%
Magic
Victor Oladipo
54.7%
Jazz
Trey Burke
52.1%
Magic
Arron Afflalo
47.6%
Celtics
Jared Sullinger
46.9%
Knicks
Iman Shumpert
46.7%
Bulls
DJ Augustin
44.1%
Nets
Mason Plumlee
43.1%
Suns
Miles Plumlee
43.1%
Suns
Miles Plumlee
43.1%
Mavericks
Samuel Dalembert
40.8%
Mavericks
Samuel Dalembert
40.8%
76ers
Spencer Hawes
38.6%
76ers
Spencer Hawes
38.6%
Lakers
Kendall Marshall
36.8%
Bobcats
Bismack Biyombo
36.7%
Bucks
John Henson
33.2%
Nuggets
Timofey Mozgov
32.2%
Celtics
Kris Humphries
31.1%
Lakers
Jodie Meeks
30.1%
Bucks
Khris Middleton
29.7%
Nuggets
JJ Hickson
27%
Knicks
Andrea Bargnani
26.5%
Magic
Kyle O'Quinn
14.2%
Timberwolves
Ronny Turiaf
8.3%
Bucks
Jeff Adrien
4.2%
Quiz Playlist
Details
Report
Send in Message
Add To Playlist
More Info:
source: espn.com
Classic:
Type in answers that appear in a list
Last Updated: Feb 16, 2017
Quiz Scoreboard
CHALLENGE
Sign Up to Join the Scoreboard
Show All
Scores
Hide
Comments
May contain spoilers
Recently Published
9x9 Crossword: Cartoon Network
by jackfrog10
Miscellaneous
3m
College Basketball Coaching Resumes
by pancakes188
Sports
9m
Billboard Blitz: Fleetwood Mac
by CooCooCachoo
Music
15s
More to Explore
Quiz From the Vault
Featured Blog Post
Where Did the Easter Bunny Come From?
hide this ad
You Might Also Like...
Tags
NBA Quiz
State Quiz
Leader
team
Today's Top Quizzes in Sports
Browse Sports
hide this ad
Today's Top Quizzes in NBA
Browse NBA
Top Contributed Quizzes in Sports
1
2022 World Cup Stars
2
Les meilleurs buteurs des matchs entre le PSG et l’OM
3
FIFA Club World Cup Champions
4
Les entraîneurs de l'OM et du PSG au 21e siècle
5
Criteria MLB: Left Handed Sluggers
6
AFC Teams Reveal (Wrong Answers Minefield)
7
2023 MLB Unique Player Accomplishments
8
Players with Multiple 50 Home Run Seasons
9
5-to-1: FBS Animal Nicknames
10
5-to-1: UK Sports Teams
Explore More
Trending Topics
NBA
Harry Potter
Marvel
Anime
Kpop
Disney
Crossword
NFL
The Office
Puzzle
Pokémon
Soccer
Country
WWE
Song
hide this ad
More By:
suns20
Quiz
Plays
Rating
Category
Featured
Created
Ultimate NBA Quiz (1981-2015)
11,356
4.78
Sports
Jul 6, 2015
Easiest NBA Quiz Ever!!!
7,277
2.74
Sports
Jun 16, 2014
NBA League Leaders (2000's)
4,714
4.90
Sports
Jun 17, 2014
NBA Best 100 2000's
3,781
3.14
Sports
Feb 28, 2014
The hardest/most epic Full House quiz EVER!!!
3,687
4.25
Television
Jul 31, 2014
Go to Creator's Profile
Score Distribution
Quiz Creator Spotlight
suns20
Follow
Send a Message
Quizzes Created
-
Created Quiz Play Count
-
More By This Creator
Popular Quizzes Today
1
Find the US States - No Outlines Minefield
2
Find the Countries of Europe - No Outlines Minefield
3
The Countries of the World
4
Find the US States
5
Risky Map Clicking: Biggest States A-Z
6
US States
7
Popular People in 1961
8
Movies - When Are They Set?
More Sports Quizzes
Masters Winners Countdown
Quiz Lab
Trending Quizzes
Risky Map Clicking: Least Populous States A-Z
1-10 Letter G Words
1-10 Letter F Words
Risky Map Clicking: Next State Alphabetically
Adjectives in 80s TV Shows
Recently Updated
Leaping Animals
pecheneg
Reality TV Shows (A-Z)
bhenderson79
Rickey Henderson's Hall of Fame Teammates
pecheneg
Champions League XIs: Arsenal
pecheneg
Quick Pick: Celebrities in WWE's Hall of Fame
aduchscher
A-Z Keypad Blitz II
pecheneg
Multiple Oscar Actors
pecheneg
Mystery Phrase Blitz: Oscar 'Best Actors'
pecheneg
F. Scott Fitzgerald Novels
LTH
Pick 3 Villains
ddd62291
Trending Topics
Kpop
Crossword
Marvel
Anime
Disney
NBA
Harry Potter
Pokémon
NFL
Song
Country
Soccer
The Office
Puzzle
WWE
Your Account Isn't Verified!
In order to create a playlist on Sporcle, you need to verify the email address you used during registration. Go to your
Sporcle Settings
to finish the process.
Report this User
Report this user for behavior that violates our
Community Guidelines
.
Details:
Send Report
Go to the Sporcle.com Mobile Site →
Comments